Every Major Presidential Candidate - Statistics

General Stats
  • This quiz has been taken 35 times
    14 since last reset
  • The average score is 99 of 138
Answer Stats
Year Party Candidate % Correct
1860 Republican Abraham Lincoln
100%
1864 Republican Abraham Lincoln
100%
2008 Democratic Barack Obama
100%
2012 Democratic Barack Obama
100%
2016 Republican Donald Trump
100%
2020 Republican Donald Trump
100%
2024 Republican Donald Trump
100%
1988 Republican George H. W. Bush
100%
1992 Republican George H. W. Bush
100%
1788-89 Independent George Washington
100%
1792 Independent George Washington
100%
2000 Republican George W. Bush
100%
2004 Republican George W. Bush
100%
2016 Democratic Hillary Clinton
100%
2020 Democratic Joe Biden
100%
1960 Democratic John F. Kennedy
100%
2024 Democratic Kamala Harris
100%
1992 Democratic Bill Clinton
92%
1996 Democratic Bill Clinton
92%
1812 Federalist DeWitt Clinton
92%
1952 Republican Dwight D. Eisenhower
92%
1956 Republican Dwight D. Eisenhower
92%
1932 Democratic Franklin D. Roosevelt
92%
1936 Democratic Franklin D. Roosevelt
92%
1940 Democratic Franklin D. Roosevelt
92%
1944 Democratic Franklin D. Roosevelt
92%
1948 Democratic Harry S Truman
92%
1928 Republican Herbert Hoover
92%
1932 Republican Herbert Hoover
92%
1976 Democratic Jimmy Carter
92%
1980 Democratic Jimmy Carter
92%
1796 Federalist John Adams
92%
1800 Federalist John Adams
92%
1824 Democratic-Republican John Quincy Adams
92%
1828 National Republican John Quincy Adams
92%
1964 Democratic Lyndon B. Johnson
92%
1960 Republican Richard Nixon
92%
1968 Republican Richard Nixon
92%
1972 Republican Richard Nixon
92%
1980 Republican Ronald Reagan
92%
1984 Republican Ronald Reagan
92%
1796 Democratic-Republican Thomas Jefferson
92%
1800 Democratic-Republican Thomas Jefferson
92%
1804 Democratic-Republican Thomas Jefferson
92%
1868 Republican Ulysses S. Grant
92%
1872 Republican Ulysses S. Grant
92%
2000 Democratic Al Gore
85%
1888 Republican Benjamin Harrison
85%
1892 Republican Benjamin Harrison
85%
1976 Republican Gerald Ford
85%
1884 Democratic Grover Cleveland
85%
1888 Democratic Grover Cleveland
85%
1892 Democratic Grover Cleveland
85%
1968 Democratic Hubert Humphrey
85%
1880 Republican James A. Garfield
85%
1844 Democratic James K. Polk
85%
2004 Democratic John Kerry
85%
2008 Republican John McCain
85%
1856 Know Nothing Millard Fillmore
85%
2012 Republican Mitt Romney
85%
1992 Independent Ross Perot
85%
1996 Reform Ross Perot
85%
1904 Republican Theodore Roosevelt
85%
1912 Progressive Theodore Roosevelt
85%
1836 Whig William Henry Harrison
85%
1840 Whig William Henry Harrison
85%
1908 Republican William Howard Taft
85%
1912 Republican William Howard Taft
85%
1912 Democratic Woodrow Wilson
85%
1916 Democratic Woodrow Wilson
85%
1848 Whig Zachary Taylor
85%
1824 Democratic-Republican Andrew Jackson
77%
1828 Democratic Andrew Jackson
77%
1832 Democratic Andrew Jackson
77%
1996 Republican Bob Dole
77%
1924 Republican Calvin Coolidge
77%
1852 Democratic Franklin Pierce
77%
1972 Democratic George McGovern
77%
1808 Democratic-Republican James Madison
77%
1812 Democratic-Republican James Madison
77%
1816 Democratic-Republican James Monroe
77%
1820 Democratic-Republican James Monroe
77%
1984 Democratic Walter Mondale
77%
1896 Republican William McKinley
77%
1900 Republican William McKinley
77%
1952 Democratic Adlai Stevenson
69%
1956 Democratic Adlai Stevenson
69%
1968 American Independent George Wallace
69%
1856 Democratic James Buchanan
69%
1836 Democratic Martin Van Buren
69%
1840 Democratic Martin Van Buren
69%
1848 Free Soil Martin Van Buren
69%
1988 Democratic Michael Dukakis
69%
1876 Republican Rutherford B. Hayes
69%
1860 Democratic Stephen Douglas
69%
1920 Republican Warren G. Harding
69%
1964 Republican Barry Goldwater
62%
1944 Republican Thomas E. Dewey
62%
1948 Republican Thomas E. Dewey
62%
1864 Democratic George B. McClellan
54%
1824 Democratic-Republican Henry Clay
54%
1832 National Republican Henry Clay
54%
1844 Whig Henry Clay
54%
1876 Democratic Samuel J. Tilden
54%
1896 Democratic William Jennings Bryan
54%
1900 Democratic William Jennings Bryan
54%
1908 Democratic William Jennings Bryan
54%
1912 Socialist Eugene V. Debs
46%
1980 Independent John Anderson
46%
1860 Democratic John C. Breckinridge
46%
1924 Progressive Robert La Follette
46%
1936 Republican Alf Landon
38%
1928 Democratic Al Smith
38%
1804 Federalist Charles C. Pinckney
38%
1808 Federalist Charles C. Pinckney
38%
1916 Republican Charles Evans Hughes
38%
1836 Whig Daniel Webster
38%
1872 Liberal Republican Horace Greeley
38%
1860 Democratic John Bell
38%
1816 Federalist Rufus King
38%
1940 Republican Wendell Wilkie
38%
1960 Democratic Harry F. Byrd
31%
1884 Republican James G. Blaine
31%
1920 Democratic James M. Cox
31%
1856 Republican John C. Frémont
31%
1948 Dixiecrat J. Strom Thurmond
31%
1848 Democratic Lewis Cass
31%
1852 Whig Winfield Scott
31%
1880 Democratic Winfield S. Hancock
31%
1904 Democratic Alton B. Parker
23%
1868 Democratic Horatio Seymour
23%
1836 Whig Hugh L. White
23%
1924 Democratic John W. Davis
23%
1824 Democratic-Republican William H. Crawford
23%
1832 Anti-Masonic William Wirt
23%
1892 Populist James B. Weaver
15%
1832 Nullifier John Floyd
15%
1836 Whig Willie P. Mangum
15%
No matching quizzes found
Score Distribution
Percent of People with Each Score
Percentile by Number Answered
Your Score History
You have not taken this quiz since the last reset